000 00697nam a2200229Ia 4500
003 OSt
005 20220923214818.0
006 a|||||r|||| 00| 0
007 ta
008 220922b |||||||| |||| 00| 0 hin d
024 _a173,030
037 _cTextual
040 _aARTS
_cARTS
_bhin
041 _2hin
_ahin
082 _aO152:6N091:5, J0
100 _aदेवेन्द्र सत्यार्थी
245 0 _aक्या गोरी क्या संवारी
246 _aKyā gorī kyā sanvārī
260 _c1950
942 _hO152:6N091:5, J0
_cTEXL
_2CC
999 _c326937
_d326937